header

The 21 success secrets of self-made millionaires (Record no. 57110)

MARC details
000 -LEADER
fixed length control field 01298nam a2200325Ia 4500
100 1# - MAIN ENTRY--AUTHOR NAME
Personal name Tracy, Brian.
245 14 - TITLE STATEMENT
Title The 21 success secrets of self-made millionaires
250 ## - EDITION STATEMENT
Edition statement 1st ed.
260 ## - PUBLICATION, DISTRIBUTION, ETC. (IMPRINT)
Place of publication San Francisco :
Name of publisher Berrett-Koehler Pub.,
Year of publication c2001.
300 ## - PHYSICAL DESCRIPTION
Number of Pages ix, 83 p.
500 ## - GENERAL NOTE
General note Includes index.
650 #0 - SUBJECT ADDED ENTRY--TOPICAL TERM
Topical Term Success in business.
Topical Term Millionaires.
856 40 - ELECTRONIC LOCATION AND ACCESS
Uniform Resource Identifier http://site.ebrary.com/lib/rucke/Doc?id=10315410

No items available.

© 2026 Rongo University
Contact us: librarian | system librarian | Rongo university